| 000 | 03003nam a2200289 a 4500 | ||
|---|---|---|---|
| 001 | 000026503 | ||
| 005 | 20250120091142.0 | ||
| 008 | 110322s2001 dr a 000 0 spa d | ||
| 040 |
_aDO-SdBNP _bspa _cBNPHU |
||
| 082 |
_a304.8 _bB142v |
||
| 100 | 1 |
_aBáez Evertsz, Franc , _d 1948-2016 _955030 |
|
| 245 | 1 | 0 |
_aVecinos y extraños : _bmigrantes y relaciones inter-étnicas en un barrio popular / _cFranc Báez Evertsz. |
| 260 |
_aSanto Domingo : _bServicio Jesuita a Refugiados, _c2001. |
||
| 300 |
_a176 p. : _bil. ; _c21 cm. |
||
| 490 | 1 |
_aRelaciones Dominico-Haitianas _v2 |
|
| 500 | _aIncluye referencias bibliográficas y notas al pie de las páginas | ||
| 500 | _aIncluye índice de cuadro y gráficos | ||
| 504 | _aBibliografía : p. 169-176 | ||
| 505 | 0 |
_tPresentación -- _tIntroducción -- _tMetodología -- _tEl barrio y el trabajo de campo: fuentes y técnicas -- _tCuestionarios -- _tCaracterísticas sociodemográficas de los hogares -- _tTamaño y tipos de hogares -- _tPoblación y composición de los hogares -- _tNiveles educativos -- _tPerfiles del procesos migratorios -- _tPaís de nacimiento y orígenes regionales -- _tMigración a la ciudad de Santo domingo y al barrio -- _tTipos de migrantes y tiempos de radicación en el barrio -- _tAntigüedad de radicación, forma de traslados y procedencia regional -- _tForma de traslados, desplazamientos Interbarriales y asentamiento en el barrio -- _tDocumentación de identificación personal -- _tDocumentación y jefes de hogares -- _tDocumentación y población de los hogares -- _tSobre los tipos de documentos -- _tTrabajo y condiciones de vida -- _tLa incorporación al trabajo -- _tInformalidad y economía subterránea -- _tVivienda y servicios básicos -- _tNivel de ingresos, indigencia y pobreza -- _tDimensiones de la discriminación y el prejuicio -- _tRepresentaciones de la discriminación: percepciones y reportes de los colectivos -- _tImágenes del otro en la relación de vecindad -- _tValoraciones sobre el haitiano generalizado -- _tActitudes de los dominicanos respecto a los haitianos -- _tRelaciones interétnicas en los espacio popular urbano -- _tAspectos del contexto del barrio y los colectivos -- _tRepresentaciones colectivas de las relaciones inter-étnicas -- _tRelaciones de vecindad y fuentes de conflictos -- _tInteracción social y praxis cotidiana de vecindad -- _tDistancia social, actitudes y relaciones inter-étnicas -- _tAproximación y distancia social entre colectivos -- _tActitudes y relaciones inter-étnicas -- _tIdentidad nacional y relaciones inter-étnicas -- _tIdentidades nacionales -- _tIdentidad y relaciones inter-étnicas. |
|
| 590 | _aInventariado, 2018/VM | ||
| 650 | 4 |
_aHaitianos en la república dominicana _935154 |
|
| 650 | 4 |
_aRelaciones etnicas-república dominicana _953576 |
|
| 651 | 4 |
_aRepública Dominicana _xEmigración E Inmigración _9290 |
|
| 651 | 4 |
_aHaiti _xEmigración E Inmigración _91425 |
|
| 830 | 0 |
_aRelaciones Dominico-Haitianas _n2 _953577 |
|
| 910 | _aValidado. Control de calidad MFF | ||
| 999 |
_c25995 _d25995 |
||